Coasters By Manufacturers - Statistics

General Stats
  • This quiz has been taken 75 times
  • The average score is 8 of 10
Answer Stats
Coaster Manufacturer % Correct
Millennium Force Intamin
97%
Iron Gwazi RMC
97%
Fury 325 B&M
95%
Top Thrill Dragster Intamin
89%
Rock 'n' Roller Coaster Vekoma
86%
El Toro Intamin
80%
Stardust Racers Mack Rides
80%
Candymonium B&M
78%
Top Thrill 2 Zamperla
75%
HangTime Gerstlauer
61%
No matching quizzes found
Score Distribution
Percent of People with Each Score
Percentile by Number Answered
Your Score History
You have not taken this quiz